Responsabilización por el control social /
Պահպանված է:
| Հիմնական հեղինակ: | |
|---|---|
| Ձևաչափ: | Տեքստ |
| Խորագրեր: | |
| Ցուցիչներ: |
Ավելացրեք ցուցիչ
Չկան պիտակներ, Եղեք առաջինը, ով նշում է այս գրառումը!
|
MARC
| LEADER | 00000 a a2200000 04500 | ||
|---|---|---|---|
| 001 | 42919 | ||
| 003 | |||
| 040 | |||
| 090 | |a REV0229 (128) 2003 | ||
| 100 | |a Cunill Grau, Nuria | ||
| 245 | |a Responsabilización por el control social / |c NuriaNCunill Grau | ||
| 500 | |a Publicado originalmente en La responsabilización en la nueva gestión publica latinoamericana. Buenos Aires, CLAD-UBA, 2000. página 346 | ||
| 650 | |a CONTROL SOCIAL | ||
| 650 | |a ASPECTOS POLITICOS | ||
| 650 | |a PARTICIPACION POLITICA | ||
| 650 | |a MARCO INSTITUCIONAL | ||
| 650 | |a LEGISLACION | ||
| 773 | |g número128 ( , 2003), 68 páginas | ||
| 999 | |c 26251 |d 26251 | ||
